00821nam a2200217 a 450000100060000000300090000600800410001502000150005604000280007108200140009910000280011324501360014126000510027730000110032859000490033965000190038865000180040794200120042599900170043795201490045417596CO-ViMGA141112s2004 ck r 000 u spa d a950512273X aCO-ViMGAbspacCO-ViMGA04a290 G376a1 aGerometta, Oscar92492210aAproximaciones ....al fenomeno de las sectas . Una reflexión entorno a la atomización de la experiencia religiosa contemporanea aBuenos Aires (Argentina), cClaretiana, c1995 a256.p. aForma de adquisición : Premio - Mincultura14aRELIGION9796914aSECTAS913988 2ddccBK c27090d27090 00102ddc40708003aMEVIECARbMEVIECARd2015-12-04hVolumen. 1 | 11/jun/2009l0o290 G376a p17596r2015-12-04 00:00:00tEj. 1w2015-12-04yBK